Szczegóły MARC21

Wolontariat hospicyjny : perspektywa interdyscyplinarna /

005 -DATA I CZAS OSTATNIEJ MODYFIKACJI [,]
    • @
    • pole kontrolne
    • 20111130144113.0
020 -Międzynarod. znormalizowany nr książki - ISBN [ , ]
    • a
    • Numer ISBN
    • 9788376413693 Find
040 -Instytucja sporządzająca opis [ , ]
    • c
    • Instytucja, która sporządziła rekord (NP)
    • SZCZ U/BK
    • a
    • Instytucja, która sporządziła opis (NP)
    • SZCZ U/KLR
    • d
    • Instytucja, która zmodyfikowała rekord (P)
    • SZCZ U/AP
041 -Język dokumentu [0, ]
    • a
    • Język tekstu (P)
    • polski
044 -Kraj miejsca wydania [ , ]
    • a
    • Kraj miejsca wydania
    • Polska
942 -Rodzaj dokumentu [ , ]
    • c
    • Rodzaj dokumentu
    • Książka
100 -Hasło główne - nazwa osobowa [1, ]
    • 9
    • KHW
    • 28020
    • a
    • Nazwa osobowa (NP)
    • Stawiarska, Patrycja.
245 -Strefa tytułu i oznaczenia odpowiedzialności [1,0]
    • a
    • Tytuł
    • Wolontariat hospicyjny : Find
    • b
    • Ciąg dalszy tytułu (NP)
    • perspektywa interdyscyplinarna / Find
    • c
    • Pozostałe elementy strefy tytułu i oznaczenia odpowiedzialności (NP)
    • Patrycja Stawiarska.
260 -Strefa adresu wydawniczego [ , ]
    • a
    • Miejsce wydania (P)
    • Warszawa :
    • b
    • Nazwa wydawcy (P)
    • Difin,
    • c
    • Data wydania (P)
    • 2011.
300 -Strefa opisu fizycznego [ , ]
    • a
    • Określenie formy książki i/lub objętość (NP)
    • 137 s. :
    • b
    • Oznaczenie ilustracji (NP)
    • il. ;
    • c
    • Format (NP)
    • 22 cm.
490 -Strefa serii i książki wielotomowej - forma nie do wyszukiwania [1, ]
    • a
    • Tytuł (P)
    • Engram Find
830 -Hasło dodatkowe serii i opisu książki wielotomowej - tytuł ujednolicony/tytuł [ ,0]
    • 9
    • KHW
    • 12930
    • a
    • Tytuł ujednolicony/tytuł (NP)
    • Engram
504 -Uwaga dot. bibliogr. załącznikowej [ , ]
    • a
    • Uwaga dot. bibliografii załącznikowej
    • Bibliogr.
080 -Uniwersalna Klasyfikacja Dziesiętna [ , ]
    • 2
    • Identyfikator wydania tablic
    • UDC-P058
    • 9
    • UKD
    • 3738
    • a
    • Symbol klasyfikacji
    • 364-32
    • b
    • Dopowiedzenie
    • Organizacje wolontariuszy. Wolontariat.
080 -Uniwersalna Klasyfikacja Dziesiętna [ , ]
    • 2
    • Identyfikator wydania tablic
    • UDC-P058
    • 9
    • UKD
    • 3745
    • a
    • Symbol klasyfikacji
    • 364-58
    • b
    • Dopowiedzenie
    • Hospicja.
980 -Symbol UKD [ , ]
    • a
    • UKD
    • 364-32:364-58
920 -ISBN [ , ]
    • a
    • ISBN
    • 978-83-7641-369-3 Find
Data inwentaryzacji Lokalizacja Status udost. Numer inwentarzowy
2011-10-28BG1Z.115645
2011-10-28BNS1H.21442